आपके अवचेतन मन की शक्ति (Record no. 59211)
[ view plain ]
| 000 -LEADER | |
|---|---|
| fixed length control field | 00509nam a22001457a 4500 |
| 003 - CONTROL NUMBER IDENTIFIER | |
| control field | MACL |
| 005 - DATE AND TIME OF LATEST TRANSACTION | |
| control field | 20190331160752.0 |
| 008 - FIXED-LENGTH DATA ELEMENTS--GENERAL INFORMATION | |
| fixed length control field | 190331b xxu||||| |||| 00| 0 eng d |
| 040 ## - CATALOGING SOURCE | |
| Transcribing agency | MACL |
| 100 ## - MAIN ENTRY--PERSONAL NAME | |
| Personal name | मर्फी,डॉ. जोसेफ |
| 9 (RLIN) | 74073 |
| 245 ## - TITLE STATEMENT | |
| Title | आपके अवचेतन मन की शक्ति |
| 260 ## - PUBLICATION, DISTRIBUTION, ETC. (IMPRINT) | |
| Place of publication, distribution, etc. | नई दिल्ली |
| Name of publisher, distributor, etc. | नार्थ इण्डिया पब्लि. |
| Date of publication, distribution, etc. | 2018 |
| 650 ## - SUBJECT ADDED ENTRY--TOPICAL TERM | |
| Topical term or geographic name as entry element | सामान्य वर्ग |
| 9 (RLIN) | 36 |
| 942 ## - ADDED ENTRY ELEMENTS (KOHA) | |
| Source of classification or shelving scheme | |
| Koha item type | Hindi Books |
| Withdrawn status | Lost status | Source of classification or shelving scheme | Damaged status | Not for loan | Home library | Current library | Date acquired | Cost, normal purchase price | Total Checkouts | Total Renewals | Full call number | Barcode | Date last seen | Date last checked out | Price effective from | Koha item type |
|---|---|---|---|---|---|---|---|---|---|---|---|---|---|---|---|---|
| MACL | MACL | 31/03/2019 | 495.00 | 6 | 1 | 080 | CRH035466 | 12/11/2022 | 14/10/2022 | 31/03/2019 | Hindi Books |









